[Event "IECG CP.2003.Q.00014 email"]
[Site "IECG email"]
[Date "2005.01.15"]
[Round "?"]
[White "Pitirimov, Sergey Yurievich"]
[Black "Lacoste, Alain"]
[Result "1/2-1/2"]
[WhiteElo "2045"]
[BlackElo "2015"]
[PlyCount "52"]
[EventDate "2005.01.15"]
[EventType "tourn (corr)"]
[EventRounds "6"]
[SourceTitle "Corr 2008"]
[Source "ChessBase"]
[SourceDate "2008.06.24"]
[SourceVersion "1"]
[SourceVersionDate "2008.06.24"]
[SourceQuality "1"]

1. d4 d5 2. c4 e6 3. Nf3 Nf6 4. Nc3 Be7 5. Qc2 0-0 6. Bg5 h6 7. Bxf6 Bxf6 8. Rd1 c5 9. dxc5 Qa5 10. cxd5 exd5 11. Qd2 Bxc3 12. Qxc3 Qxc3+ 13. bxc3 Be6 14. Nd4 Rc8 15. e4 dxe4 16. Nxe6 fxe6 17. Bc4 Kf7 18. Rd4 Rxc5 19. Rxe4 Rc6 20. f4 Kf6 21. 0-0 Nd7 22. Rfe1 Nc5 23. Re5 g5 24. fxg5+ hxg5 25. R5e3 Rf8 26. h3 a6 1/2-1/2

[Event "IECG TE.2004.P.01516 email"]
[Site "IECG email"]
[Date "2004.06.17"]
[Round "?"]
[White "Casser, Aaron"]
[Black "Pitirimov, Sergey Yurievich"]
[Result "0-1"]
[WhiteElo "1404"]
[BlackElo "2078"]
[PlyCount "108"]
[EventDate "2004.06.17"]
[EventType "tourn (corr)"]
[EventRounds "8"]
[SourceTitle "Corr 2008"]
[Source "ChessBase"]
[SourceDate "2008.06.24"]
[SourceVersion "1"]
[SourceVersionDate "2008.06.24"]
[SourceQuality "1"]

1. e4 e6 2. d4 d5 3. Nc3 Nf6 4. Bg5 Bb4 5. e5 h6 6. Bd2 Bxc3 7. Bxc3 Ne4 8. Ne2 Nc6 9. Ng3 Nxc3 10. bxc3 0-0 11. Bd3 f6 12. exf6 Qxf6 13. 0-0 Ne7 14. c4 b6 15. cxd5 exd5 16. Qe2 Ng6 17. Nh5 Qf7 18. c3 Re8 19. Qd1 Nh4 20. Ng3 c5 21. Qh5 Qxh5 22. Nxh5 Bf5 23. Bb5 Rf8 24. dxc5 bxc5 25. Ng3 Bg6 26. Rad1 Bf7 27. Rfe1 Rab8 28. a4 Ng6 29. Nf5 Rb6 30. Ne7+ Nxe7 31. Rxe7 a6 32. Bf1 Rb3 33. Rc1 Ra3 34. Bxa6 Rxa4 35. Bb5 Ra5 36. Rb7 Rfa8 37. Kf1 Bg6 38. Bc6 Bd3+ 39. Ke1 Bc4 40. Rd1 Rd8 41. Rdb1 Ra3 42. Kd2 Rd6 43. Be8 d4 44. cxd4 Rxd4+ 45. Kc1 Bd5 46. Rb8 Kh7 47. f3 Rc3+ 48. Kb2 Re3 49. Rg1 Re2+ 50. Kc1 Rc4+ 51. Kb1 Rcc2 52. h4 Ba2+ 53. Ka1 Bc4 54. h5 Ra2+ 0-1

[Event "IECG TE.2004.P.01516 email"]
[Site "IECG email"]
[Date "2004.06.17"]
[Round "?"]
[White "Pitirimov, Sergey Yurievich"]
[Black "Law, Stephen"]
[Result "1-0"]
[WhiteElo "2078"]
[BlackElo "1911"]
[PlyCount "39"]
[EventDate "2004.06.17"]
[EventType "tourn (corr)"]
[EventRounds "8"]
[SourceTitle "Corr 2008"]
[Source "ChessBase"]
[SourceDate "2008.06.24"]
[SourceVersion "1"]
[SourceVersionDate "2008.06.24"]
[SourceQuality "1"]

1. e4 e6 2. d4 d5 3. Nc3 Nf6 4. Bg5 Bb4 5. e5 h6 6. Be3 Ne4 7. Qg4 Kf8 8. a3 Bxc3+ 9. bxc3 Nxc3 10. Bd3 c5 11. dxc5 Nc6 12. Nf3 f5 13. exf6 Qxf6 14. Qh5 e5 15. Bg6 e4 16. Nh4 d4 17. Bd2 Ne5 18. h3 d3 19. Bxc3 Nf3+ 20. Qxf3 1-0

[Event "IECG TE.2004.P.01516 email"]
[Site "IECG email"]
[Date "2004.06.17"]
[Round "?"]
[White "Pitirimov, Sergey Yurievich"]
[Black "Wheeler, James M"]
[Result "1-0"]
[WhiteElo "2078"]
[BlackElo "2233"]
[PlyCount "79"]
[EventDate "2004.06.17"]
[EventType "tourn (corr)"]
[EventRounds "8"]
[SourceTitle "Corr 2008"]
[Source "ChessBase"]
[SourceDate "2008.06.24"]
[SourceVersion "1"]
[SourceVersionDate "2008.06.24"]
[SourceQuality "1"]

1. e4 e6 2. d4 d5 3. Nc3 Nf6 4. Bg5 Bb4 5. e5 h6 6. Bd2 Bxc3 7. bxc3 Ne4 8. Qg4 Kf8 9. h4 c5 10. Rh3 Nc6 11. Bd3 Nxd2 12. Kxd2 c4 13. Be2 b5 14. Rg3 Rg8 15. Qf4 Bd7 16. Bh5 Be8 17. Rf3 Qe7 18. Ne2 a5 19. g4 Rh8 20. Rh1 b4 21. g5 Ra7 22. g6 Kg8 23. gxf7+ Bxf7 24. Bxf7+ Qxf7 25. h5 bxc3+ 26. Kxc3 Qe7 27. Kd2 Kh7 28. Rg1 Rg8 29. Qg4 Qb4+ 30. Nc3 Qb6 31. Rf4 Re7 32. a4 Kh8 33. Rg3 Qa7 34. Nb5 Qb8 35. Rgf3 Nd8 36. Qg6 Nb7 37. Rf7 Rxf7 38. Rxf7 Nd8 39. Rc7 Qb6 40. f4 1-0

[Event "IECG TE.2004.P.01516 email"]
[Site "IECG email"]
[Date "2004.06.17"]
[Round "?"]
[White "Waerstad, Leif Edvin"]
[Black "Pitirimov, Sergey Yurievich"]
[Result "1/2-1/2"]
[WhiteElo "1504"]
[BlackElo "2078"]
[PlyCount "94"]
[EventDate "2004.06.17"]
[EventType "tourn (corr)"]
[EventRounds "8"]
[SourceTitle "Corr 2008"]
[Source "ChessBase"]
[SourceDate "2008.06.24"]
[SourceVersion "1"]
[SourceVersionDate "2008.06.24"]
[SourceQuality "1"]

1. e4 e6 2. d4 d5 3. Nc3 Nf6 4. Bg5 Bb4 5. e5 h6 6. Bd2 Bxc3 7. bxc3 Ne4 8. Qg4 Kf8 9. Bd3 Nxd2 10. Kxd2 Qg5+ 11. Qxg5 hxg5 12. Rf1 c5 13. f4 g4 14. f5 Nc6 15. fxe6 Bxe6 16. Ne2 Rh6 17. Bf5 Bxf5 18. Rxf5 Rc8 19. Rf4 Rg6 20. Rb1 b6 21. Ng3 Na5 22. Nf5 Nc4+ 23. Kd3 Re8 24. Re1 Kg8 25. Rff1 a6 26. Re2 Ree6 27. Ne3 Nxe3 28. Kxe3 Rc6 29. Kd2 Rc7 30. Rf4 g3 31. h3 cxd4 32. Rxd4 Rc5 33. Re3 Kf8 34. Rh4 Ke7 35. Rh8 Rc4 36. Rf3 d4 37. Ra8 Rgc6 38. Rxa6 Ke6 39. Rxg3 dxc3+ 40. Ke3 Kxe5 41. Rg5+ Kf6 42. Rb5 Re6+ 43. Kd3 Rcc6 44. Rb4 Kg5 45. Ra7 Red6+ 46. Rd4 Rf6 47. Rg4+ Kh6 1/2-1/2

[Event "RCCA Qual EM-KI-6 0304"]
[Site "RCCA"]
[Date "2004.??.??"]
[Round "?"]
[White "Pitirimov, Sergey Yurievich"]
[Black "Nedavny, Sergey Valerievich"]
[Result "0-1"]
[WhiteElo "2128"]
[BlackElo "2000"]
[PlyCount "112"]
[EventDate "2004.??.??"]
[EventType "tourn (corr)"]
[EventRounds "14"]
[EventCountry "RUS"]
[SourceTitle "Corr 2011"]
[Source "ChessBase"]
[SourceDate "2010.08.31"]
[SourceVersion "1"]
[SourceVersionDate "2010.08.31"]
[SourceQuality "1"]

1. d4 Nf6 2. c4 g6 3. Nc3 Bg7 4. e4 d6 5. Nf3 0-0 6. Be2 e5 7. 0-0 Nbd7 8. Re1 c6 9. Bf1 exd4 10. Nxd4 Ng4 11. h3 Qf6 12. Qxg4 Qxd4 13. Be3 Qe5 14. Rad1 Qe7 15. Bg5 f6 16. Bc1 Ne5 17. Qg3 Be6 18. f4 Nxc4 19. f5 Bf7 20. Bxc4 Bxc4 21. fxg6 hxg6 22. Qxg6 Bf7 23. Qg3 Qe5 24. Bf4 Qh5 25. Rxd6 Kh8 26. Rd7 Rg8 27. Rxb7 Bf8 28. Qf2 Be6 29. Be5 Rxg2+ 30. Kxg2 Qxh3+ 31. Kg1 Qg4+ 32. Bg3 Bc5 33. Re3 Qg6 34. Qf4 Rd8 35. Kg2 Bxe3 36. Qxe3 Qh5 37. Qf4 Qg6 38. Rxa7 Rd3 39. e5 f5 40. Ne2 Bd5+ 41. Kf2 Rf3+ 42. Ke1 Rxf4 43. Ra8+ Kg7 44. Ra7+ Kf8 45. Ra8+ Ke7 46. Ra7+ Kd8 47. Ra8+ Kd7 48. Ra7+ Kc8 49. Bxf4 Qg2 50. Ra8+ Kb7 51. Ra4 Bf3 52. Nc3 Qxb2 53. Bd2 Qb6 54. Bf4 Qg1+ 55. Kd2 Qf2+ 56. Kd3 Bg2 0-1

[Event "RCCA Qual EM-KI-6 0304"]
[Site "RCCA"]
[Date "2004.??.??"]
[Round "?"]
[White "Rybakin, Valery Konstantinov"]
[Black "Pitirimov, Sergey Yurievich"]
[Result "0-1"]
[WhiteElo "2142"]
[BlackElo "2128"]
[PlyCount "62"]
[EventDate "2004.??.??"]
[EventType "tourn (corr)"]
[EventRounds "14"]
[EventCountry "RUS"]
[SourceTitle "Corr 2011"]
[Source "ChessBase"]
[SourceDate "2010.08.31"]
[SourceVersion "1"]
[SourceVersionDate "2010.08.31"]
[SourceQuality "1"]

1. e4 c5 2. Nf3 Nc6 3. d4 cxd4 4. Nxd4 Nf6 5. Nc3 e5 6. Ndb5 d6 7. Bg5 a6 8. Na3 Be6 9. Nc4 Rc8 10. Bxf6 gxf6 11. Ne3 Bh6 12. Ned5 Nd4 13. Bd3 Rg8 14. Qh5 Rg6 15. h3 Kd7 16. Kf1 Rc6 17. a4 Qg8 18. a5 Qg7 19. g3 Kd8 20. Kg2 Bd2 21. Ra4 Be1 22. Rh2 Rc5 23. Rb4 Rxa5 24. Rxb7 Rxg3+ 25. fxg3 Qxg3+ 26. Kh1 Bxc3 27. Ne3 Qxe3 28. Qd1 Nf5 29. bxc3 Ng3+ 30. Kg2 Nxe4 31. Bxe4 Qxe4+ 0-1

[Event "IECG CA.2003.0.00094 email"]
[Site "IECG email"]
[Date "2003.05.20"]
[Round "1"]
[White "Bernal Varela, Nelson"]
[Black "Pitirimov, Sergey Yurievich"]
[Result "1/2-1/2"]
[WhiteElo "2130"]
[BlackElo "2128"]
[PlyCount "87"]
[EventDate "2003.05.20"]
[EventType "tourn (corr)"]
[EventRounds "6"]
[SourceTitle "Corr 2008"]
[Source "ChessBase"]
[SourceDate "2008.06.24"]
[SourceVersion "1"]
[SourceVersionDate "2008.06.24"]
[SourceQuality "1"]

1. e4 c5 2. Nf3 Nc6 3. d4 cxd4 4. Nxd4 Nf6 5. Nc3 e5 6. Ndb5 d6 7. Bg5 a6 8. Na3 Be6 9. Nc4 Rc8 10. Nd5 Bxd5 11. exd5 Ne7 12. Bxf6 gxf6 13. c3 f5 14. Qb3 b5 15. Ne3 Bh6 16. Nc2 Kf8 17. a4 bxa4 18. Rxa4 a5 19. Bb5 Rg8 20. 0-0 Ng6 21. Qa3 f4 22. Kh1 Nh4 23. Ne1 Rb8 24. Rxa5 e4 25. Ra6 Rg6 26. Qa4 Kg8 27. Bc6 Qe7 28. b4 e3 29. Ra7 Qe5 30. fxe3 Nxg2 31. exf4 Bxf4 32. Nf3 Qe4 33. b5 Qd3 34. Qd1 Qxc3 35. Qa1 Qd3 36. Ra3 Qf5 37. Qd4 Qc2 38. Qf2 Qe4 39. Rfa1 Be3 40. Re1 Bxf2 41. Rxe4 Bc5 42. Rb3 f5 43. Rc4 Kh8 44. Bd7 1/2-1/2

[Event "IECG CA.2003.0.00094 email"]
[Site "IECG email"]
[Date "2003.05.20"]
[Round "1"]
[White "Fernandez, Javier Horacio"]
[Black "Pitirimov, Sergey Yurievich"]
[Result "1-0"]
[WhiteElo "2028"]
[BlackElo "2128"]
[PlyCount "145"]
[EventDate "2003.05.20"]
[EventType "tourn (corr)"]
[EventRounds "6"]
[SourceTitle "Corr 2008"]
[Source "ChessBase"]
[SourceDate "2008.06.24"]
[SourceVersion "1"]
[SourceVersionDate "2008.06.24"]
[SourceQuality "1"]

1. e4 c5 2. b3 Nc6 3. Bb2 e6 4. Bb5 Nd4 5. Nc3 Nxb5 6. Nxb5 d6 7. Nf3 a6 8. Nc3 Be7 9. d4 cxd4 10. Qxd4 Nf6 11. 0-0 0-0 12. Ne2 b5 13. c4 Bb7 14. Ng3 bxc4 15. bxc4 Rb8 16. Rab1 Bc6 17. Ba3 Rxb1 18. Rxb1 Qa8 19. Nd2 Rb8 20. Rb3 Ne8 21. Qe3 Ba4 22. Rd3 Qc6 23. e5 Bc2 24. Rd4 Rb7 25. exd6 Nxd6 26. h3 Bf8 27. Nb3 Bg6 28. Na5 Rb1+ 29. Kh2 Qc7 30. Qe5 f6 31. Qxe6+ Qf7 32. Qe3 Ne8 33. Bxf8 Kxf8 34. Nc6 Qc7 35. Qa3+ Kf7 36. Nd8+ Kg8 37. Ne6 Qf7 38. Nf4 Qb7 39. Nxg6 hxg6 40. Qd3 f5 41. c5 Qb5 42. Qc2 Rb4 43. Rd8 Kh7 44. Qd2 Nf6 45. Rc8 Qc4 46. c6 Qd4 47. Qxd4 Rxd4 48. Ne2 Rc4 49. Ng1 g5 50. Nf3 g4 51. Ne5 Rc3 52. Ra8 gxh3 53. Rxa6 hxg2 54. Kxg2 Nd5 55. a4 Kh6 56. Ra5 Nf4+ 57. Kh2 Rc2 58. Nd7 Rxc6 59. Rxf5 Rc7 60. Rxf4 Rxd7 61. a5 Kg5 62. Ra4 Kf5 63. a6 Ra7 64. Kg3 Kf6 65. Ra5 Ke7 66. Kf4 Kd7 67. Kg5 Kc6 68. f4 Kb6 69. Ra1 Kc6 70. Kg6 Kd5 71. f5 Ke5 72. Re1+ Kd5 73. Kh7 1-0

[Event "IECG CA.2002.0.00076 email"]
[Site "IECG email"]
[Date "2002.11.27"]
[Round "?"]
[White "Pitirimov, Sergey Yurievich"]
[Black "Saint Amour, Philippe"]
[Result "0-1"]
[WhiteElo "2128"]
[BlackElo "2032"]
[PlyCount "90"]
[EventDate "2002.11.27"]
[EventType "tourn (corr)"]
[EventRounds "6"]
[SourceTitle "Corr 2008"]
[Source "ChessBase"]
[SourceDate "2008.06.24"]
[SourceVersion "1"]
[SourceVersionDate "2008.06.24"]
[SourceQuality "1"]

1. d4 Nf6 2. c4 e6 3. Nc3 Bb4 4. e3 0-0 5. Bd3 d5 6. Nf3 c5 7. 0-0 cxd4 8. exd4 dxc4 9. Bxc4 Nc6 10. Bf4 a6 11. Re1 b5 12. Bb3 Na5 13. a3 Bxc3 14. bxc3 Nxb3 15. Qxb3 Bb7 16. Ne5 Rc8 17. f3 Nd5 18. Bd2 Nb6 19. Re2 Bd5 20. Qc2 Re8 21. Rb1 f6 22. Ng4 Qd6 23. Bc1 Na4 24. Re3 Rc6 25. Bb2 Qf4 26. Qd2 Rec8 27. Nf2 Nxc3 28. Bxc3 Rxc3 29. Rxc3 Qxd2 30. Rxc8+ Kf7 31. Rbc1 Bc4 32. Rd1 Qa5 33. Ne4 Qxa3 34. Rc6 Kg6 35. Kf2 a5 36. Nd6 Qb2+ 37. Kg3 Bb3 38. Rd3 Bd5 39. Rc5 b4 40. Rd1 a4 41. h4 h5 42. Nc8 Bb3 43. Re1 Qxd4 44. Rc7 a3 45. Rcc1 Kh6 0-1

[Event "IECG CA.2002.0.00076 email"]
[Site "IECG email"]
[Date "2002.11.27"]
[Round "?"]
[White "Smyth, Peter"]
[Black "Pitirimov, Sergey Yurievich"]
[Result "1-0"]
[WhiteElo "1966"]
[BlackElo "2128"]
[PlyCount "79"]
[EventDate "2002.11.27"]
[EventType "tourn (corr)"]
[EventRounds "6"]
[SourceTitle "Corr 2008"]
[Source "ChessBase"]
[SourceDate "2008.06.24"]
[SourceVersion "1"]
[SourceVersionDate "2008.06.24"]
[SourceQuality "1"]

1. b3 e5 2. Bb2 Nc6 3. e3 Nf6 4. Bb5 d6 5. Ne2 g6 6. d4 Nd7 7. Bxc6 bxc6 8. dxe5 Bg7 9. Nd4 dxe5 10. Nxc6 Qg5 11. 0-0 Bb7 12. f4 exf4 13. Bxg7 Bxc6 14. Qe2 f3 15. Rxf3 Rg8 16. Rg3 Qh5 17. Qxh5 gxh5 18. Bd4 Rxg3 19. hxg3 Ke7 20. Nc3 Rg8 21. e4 Rxg3 22. Nd5+ Bxd5 23. exd5 a6 24. c4 Rd3 25. Re1+ Kd8 26. Be3 f6 27. Kf2 Rc3 28. Rc1 Rxc1 29. Bxc1 Ne5 30. Ke3 f5 31. Kd4 Ng6 32. Bg5+ Kd7 33. g3 Kc8 34. b4 Kd7 35. a4 Nh8 36. b5 axb5 37. cxb5 Ng6 38. a5 Kc8 39. a6 Kb8 40. Bf4 1-0

[Event "IECG CA.2002.0.00076 email"]
[Site "IECG email"]
[Date "2002.11.27"]
[Round "?"]
[White "Vanhamme, Patrick J"]
[Black "Pitirimov, Sergey Yurievich"]
[Result "1/2-1/2"]
[WhiteElo "2076"]
[BlackElo "2128"]
[PlyCount "108"]
[EventDate "2002.11.27"]
[EventType "tourn (corr)"]
[EventRounds "6"]
[SourceTitle "Corr 2008"]
[Source "ChessBase"]
[SourceDate "2008.06.24"]
[SourceVersion "1"]
[SourceVersionDate "2008.06.24"]
[SourceQuality "1"]

1. c4 e5 2. Nc3 d6 3. g3 Nc6 4. Bg2 g6 5. e4 Bg7 6. d3 Nge7 7. Nge2 0-0 8. 0-0 Be6 9. Nd5 Qd7 10. Bh6 f5 11. Bxg7 Kxg7 12. f4 Rad8 13. exf5 Nxf5 14. Qd2 Nfd4 15. Nec3 Bh3 16. Ne4 exf4 17. Bxh3 Qxh3 18. Nxf4 Qh6 19. b4 Kg8 20. Qb2 g5 21. b5 Qg7 22. Kh1 gxf4 23. bxc6 Nxc6 24. Qxb7 fxg3 25. Rg1 Kh8 26. Rae1 Ne5 27. Rxg3 Qd7 28. Qxa7 Ra8 29. Qe3 Rxa2 30. d4 Ng6 31. Qh6 Kg8 32. Reg1 Qg7 33. Qh3 Re8 34. Qh5 Re7 35. h4 Rf7 36. Qg4 Qf8 37. h5 Rf4 38. Qh3 Qe7 39. Qc8+ Qf8 40. Qxf8+ Kxf8 41. Rg4 Rxg4 42. Rxg4 Nh8 43. Nf6 h6 44. Nh7+ Kf7 45. Rf4+ Kg7 46. Nf8 Re2 47. d5 Re5 48. Ne6+ Kh7 49. Nxc7 Rxh5+ 50. Kg2 Ng6 51. Rf7+ Kg8 52. Rf6 Ne5 53. Rxd6 Nxc4 54. Re6 Re5 1/2-1/2